01649 a2200229 450000100040000000500170000400800410002100300150006204000400007708000560011724500530017302000220022625000120024826400320026030000250029250508880031704100080120510000210121370000240123470000210125885601400127912920260407155413.0260407a2004 arg spa dAR-UNSa-BCEJYS aAR-UNSa-BCEJYSbspacAR-UNSa-BCEJYS a519.2xProbabilidades y estadística matemática 10aEstadística para administración y economía a978-970-15-0974-6 a11a. ed 1aMéxico :bAlfaomegac2004 axviii, 830 p.c25 cm a1. ¿Qué es la estadística? - 2. Descripción de los datos. Distribuciones de frecuencias y presentaciones gráficas - 3. Descripción de los datos. Medidas de tendencia central - 4. Otras medidas descriptivas - 5. Revisión de algunos conceptos de probabilidad - 6. Distribuciones de probabilidad discreta - 7. Distribución de propabilidad normal - 8. Métodos de muestreo y el terema de límite cental - 9. estimación e intervalos de confianza - 10. Pruebas de hipótesis para una muestra - 11. Pruebas de hipótesis para dos muestras - 12. Análisis de varianza - 13. Regresión lineal y correlación - 14. Análisis de regresión y correlación múltiples - 15. Métodos no paramétricos. Aplicaciones de ji cuadrada - 16. Métodos no paramétricos. Análisis de datos ordenados por rango - 17. Control estadístico de calidad - 18. Número índice aspa1 aLind, Douglas A.1 aMarchal, William G.1 aMason, Robert D.41uhttps://biblioeco.unsa.edu.ar/pmb/images/libros/Estadistica para administracion de economia2-l117406.jpgyImagen de portadaqimage/jpeg